Name the Marvel Characters - Statistics

General Stats
  • This quiz has been taken 14 times
    12 since last reset
  • The average score is 66 of 188
Answer Stats
Hint Answer % Correct
Eugene Thompson Venom
100%
Eric O' Grady | Hank Pym | Scott Lang Ant-Man
89%
T'Challa Black Panther
89%
Wade Wilson Deadpool
89%
Stephen Strange Dr. Strange
89%
Curtis Conners Lizard
89%
Peter Parker Spiderman
89%
Natalia Romanova Black Widow
78%
Steve Rogers Captain America
78%
Matthew Murdock Daredevil
78%
Victor Von Doom Doctor Doom
78%
Norman Osborn Green Goblin
78%
Clint Barton Hawkeye
78%
Robert Banner Hulk
78%
Anthony Stark Iron Man
78%
Sergei Kravenoff Kraven the Hunter
78%
Reed Richards Mr. Fantastic
78%
Jean Grey Phoenix
78%
Zheng Shang-Chi Shang-Chi
78%
Emil Blonsky Abomination
67%
Henry Mcoy Beast
67%
Felicia Hardy Black Cat
67%
Cletus Kasady Carnage
67%
Johnny Storm Human Torch
67%
Susan Storm Invisible Woman
67%
Wilson Fisk Kingpin
67%
Mark Spector Moon Knight
67%
Kamala Khan Ms. Marvel
67%
Quentin Beck Mysterio
67%
Pietro Maximoff Quicksilver
67%
Herman Shultz Shocker
67%
Miguel O'Hara Spiderman 2099
67%
Peter Quill Star-Lord
67%
Ororo Munroe Storm
67%
Ben Grimm Thing
67%
Janet Van Dyne | Nadia Van Dyne Wasp
67%
Helmut Zemo Baron Zemo
56%
Blackager Boltagon Black Bolt
56%
Dane Whitman Black Knight
56%
Carol Danvers Captain Marvel
56%
Scott Summers Cyclops
56%
Maxwell Dillon Electro
56%
Samuel Wilson Falcon
56%
John Blaze Ghost Rider
56%
Jubilation Lee Jubilee
56%
Kurt Wagner Nightcrawler
56%
Thaddeus Ross Red Hulk
56%
Wanda Maximoff Scarlet Witch
56%
Jennifer Walters She-Hulk
56%
Norrin Radd Silver Surfer
56%
Anya Corazon Spider-Girl
56%
Peter Porker Spider-Ham
56%
Jessica Drew Spider-Woman
56%
James Rhodes War Machine
56%
En Sabah Nur Apocalypse
44%
Erik Brooks Blade
44%
Brian Braddock Captain Britain
44%
Brock Rumlow Crossbones
44%
Galan Galactus
44%
Remy LeBeau Gambit
44%
Gwen Stacy Ghost Spider
44%
Alexander Summers Havok
44%
Robert Drake Iceman
44%
Cain Marco Juggernaut
44%
N'Jadaka Killmonger
44%
Carl Lucas Luke Cage
44%
Medusalith Boltagon Medusa
44%
Jane Foster Mighty Thor
44%
Richard Rider Nova
44%
Johann Shmidt Red Skull
44%
Alexei Sytsevich Rhino
44%
Mac Gargan Scorpion
44%
N/A Thanos
44%
N/A Thor
44%
Adrian Toomes Vulture
44%
James Barnes Winter Soldier
44%
Rick Jones A-Bomb
33%
Warren Worthington III Angel
33%
Eddie Brock Anti-Venom
33%
Sean Casidy Banshee
33%
Nathan Summers Cable
33%
Taneleer Tivan Collector
33%
N/A Drax
33%
N/A Elektra
33%
N/A Gamora
33%
N/A Groot
33%
Daniel Rand'Kai Iron Fist
33%
Miles Morales Kid Arachnid
33%
Max Eisenhart Magneto
33%
Hobie Brown Prowler
33%
Francis Castigline Punisher
33%
Anna Marie LeBeau Rogue
33%
Victor Creed Sabretooth
33%
William Baker Sandman
33%
Ben Reilly Scarlet Spider
33%
Doreen Green Squirrel Girl
33%
Namor Mckenzie Sub-Mariner
33%
Anthony Masters Taskmaster
33%
Greer Grant Nelson Tigra
33%
Alonzo Thompson Lincoln Tombstone
33%
John Walker U.S. Agent
33%
Darren Cross Yellowjacket
33%
Carl Creel Absorbing Man
22%
Aldrif Odinsdottir Angela
22%
Fred J. Dukes Blob
22%
Dmitri Smyrdyakov Chameleon
22%
Peter Rasputin Collosus
22%
Skurge Executioner
22%
Bill Foster Goliath
22%
En Dwi Gast Grandmaster
22%
Morris Bench Hydro-Man
22%
Miles Warren Jackal
22%
Samuel Sterns Leader
22%
N/A Mantis
22%
George Tarleton M.O.D.O.K.
22%
Kevin Sydney Morph
22%
N/A Nebula
22%
N/A Rocket
22%
Peter Parker Spiderman-Noir
22%
Eros Starfox
22%
Yao The Ancient One
22%
Mortimer Toynbee Toad
22%
Victor Shade Vision
22%
Jeff Hages 8-Ball
11%
N/A Arnim Zola
11%
N/A Beta-Ray Bill
11%
Mar-Vell Captain Mar-Vell
11%
N/A Corvus Glaive
11%
N/A Emma Frost
11%
Amora Enchantress
11%
N/A Hela
11%
Patsy Walker Hellcat
11%
Robert Kinsley Hobgoblin
11%
Theodore Altman Hulkling
11%
N/A Lockjaw
11%
N/A Loki
11%
N/A Margaret Carter
11%
N/A Morbius
11%
N/A Proxima Midnight
11%
Robert Reynolds Sentry
11%
N/A Sharon Carter
11%
N/A Sif
11%
Cindy Moon Silk
11%
Peni Parker Sp//der
11%
Shiro Yoshida Sunfire
11%
Roberto da Costa Sunspot
11%
Jacques Duquesne Swordsman
11%
N/A Ultron
11%
William Kaplan Wiccan
11%
Simon Williams Wonder Man
11%
N/A Wong
11%
Blanche Sitznski Anaconda
0%
N/A Balder
0%
Frederick Foswell Big Man
0%
Yabbat Ummon Turru Black Swan
0%
Frederick Myers Boomerang
0%
Henry Camp Bulldozer
0%
Lester Bullseye
0%
Quincy McIver Bushmaster
0%
Miles Warren Carrion
0%
Frank Pyne Constrictor
0%
N/A Cosmo
0%
N/A Ebony Maw
0%
N/A Fandral
0%
N/A Fin Fang Foom
0%
Angelica Jones Firestar
0%
Maxwell Markham Grizzly
0%
James Hudson Guardian
0%
N/A Hogun
0%
N/A In-Betweener
0%
Kevin Plunder Ka-Zar
0%
N/A Knull
0%
N/A Kull Obsidian
0%
N/A Liz Allen
0%
N/A Lockheed
0%
N/A Mephisto
0%
Mark Raxton Molten Man
0%
Brian Philip Calusky Piledriver
0%
Humberto Lopez Reptil
0%
Walter Langkowski Sasquatch
0%
Jonathan Ohnn Spot
0%
Eliot Franklin Thunderball
0%
N/A Volstagg
0%
Dirk Garthwaite Wrecker
0%
N/A Zabu
0%
No matching quizzes found
Score Distribution
Percent of People with Each Score
Percentile by Number Answered
Your Score History
You have not taken this quiz since the last reset